00613nam a22001817a 450000500170000001000230001702000260004003500140006603700090008008200110008910000180010024500600011825000060017826000490018427001190023330000260035250000530037820241211121550.0 aDEC24SC ENG-142955 a9789355016577c450.00 aEN-126487 bDBAD a95421 aBrijesh Singh aComprehensive Modern Indian History/cby Brijesh Singh a1 aNew DelhibS Chand and Company Limitedc2023 a A-27, 2nd Floor, Mohan Co-operative Industrial EstatebNew Delhie110044minfo@schandpublishing.comk011-49731800 axxxiv,406p.c23cm(pb) aFrom 1707 To The Modern Times (UPSC CSE Edition)